| Поле | Название | Значение |
| |
Тип записи |
a |
| |
Библиографический уровень |
m |
| 001 |
Контрольный номер |
RU/URAIT/585993 |
| 005 |
Дата корректировки |
20260429163605.5 |
| 008 |
Кодируемые данные |
260429s2026 RU y f j 000 0 rus u |
| 020 |
Индекс ISBN |
__ |
| a |
ISBN |
978-5-534-08586-0 |
| c |
Цена, тираж |
1829.00 |
| 040 |
Источник каталогиз. |
__ |
| a |
Служба первич. каталог. |
ИКО Юрайт |
| c |
Служба, преобразующая запись |
ИКО Юрайт |
| e |
Правила каталог. |
RCR |
| 041 |
Код языка издания |
__ |
| a |
Код языка текста |
rus |
| 044 |
Код страны публикации |
__ |
| a |
Код страны публикации |
RU |
| 080 |
Индекс УДК |
__ |
| a |
Индекс УДК |
621.3.08(075.32) |
| 084 |
Индекс другой классификации/Индекс ББК |
__ |
| 2 |
Источник индекса |
rubbk |
| a |
Индекс другой классификации/Индекс ББК |
31.22я723 |
| 100 |
Автор |
__ |
| a |
Автор |
Шишмарёв В. Ю. |
| q |
Полное имя |
Шишмарёв Владимир Юрьевич |
| 245 |
Заглавие |
__ |
| a |
Заглавие |
Электрорадиоизмерения |
| b |
Продолж. заглавия |
учебник для спо |
| c |
Ответственность |
В. Ю. Шишмарёв, В. И. Шанин. |
| 250 |
Сведения об издании |
__ |
| g |
|
испр. и доп |
| a |
Основные сведения об издании |
3-е изд. |
| 256 |
Характеристики компьютерного файла |
__ |
| a |
Характеристики компьютерного файла |
Электрон. дан. |
| 260 |
Выходные данные |
__ |
| a |
Место издания |
Москва |
| b |
Издательство |
Юрайт |
| c |
Дата издания |
2026 |
| 300 |
Физическое описание |
__ |
| a |
Объем |
345 с |
| 440 |
Серия |
__ |
| a |
Серия |
Профессиональное образование |
| 500 |
Примечания |
__ |
| a |
Примечание |
URL: https://urait.ru/bcode/585993 (дата обращения: 29.04.2026). |
| 520 |
Аннотация |
__ |
| a |
Аннотация |
В учебнике описаны основные методы и средства измерений, метрологические показатели, приборы измерений метрологических величин. Рассматриваются преобразователи электрических величин с различными видами механизмов. Отдельный раздел посвящен характеристике радиотехнических измерений. Приложение включает условные обозначения на шкалах измерительных приборов. В третьем издании актуализирована нормативная база, обновлены устаревшие ГОСТы. |
| 538 |
Прим. о системных особенностях |
__ |
| a |
Прим. о системных особенностях |
Режим доступа: Электронно-библиотечная система Юрайт, для авториз. пользователей |
| 653 |
Ключевые слова |
__ |
| a |
Ключевые слова |
Метрология, стандартизация и сертификация |
| 653 |
Ключевые слова |
__ |
| a |
Ключевые слова |
Технические науки |
| 653 |
Ключевые слова |
__ |
| a |
Ключевые слова |
Общая электротехника и электроника |
| 653 |
Ключевые слова |
__ |
| a |
Ключевые слова |
Электротехника и электроника |
| 653 |
Ключевые слова |
__ |
| a |
Ключевые слова |
Основы электротехники и электроники |
| 653 |
Ключевые слова |
__ |
| a |
Ключевые слова |
Основы электрорадиоизмерений |
| 653 |
Ключевые слова |
__ |
| a |
Ключевые слова |
Теоретические основы электротехники и электроники |
| 653 |
Ключевые слова |
__ |
| a |
Ключевые слова |
Электротехника и электронная техника |
| 653 |
Ключевые слова |
__ |
| a |
Ключевые слова |
Электротехнические измерения |
| 653 |
Ключевые слова |
__ |
| a |
Ключевые слова |
Электрические измерения |
| 653 |
Ключевые слова |
__ |
| a |
Ключевые слова |
Электроника и электротехника |
| 653 |
Ключевые слова |
__ |
| a |
Ключевые слова |
Электрорадиоизмерения |
| 653 |
Ключевые слова |
__ |
| a |
Ключевые слова |
Электротехника и основы электронной техники |
| 653 |
Ключевые слова |
__ |
| a |
Ключевые слова |
Электрорадиоизмерения и метрология |
| 653 |
Ключевые слова |
__ |
| a |
Ключевые слова |
Метрология и электрорадиоизмерения |
| 653 |
Ключевые слова |
__ |
| a |
Ключевые слова |
Электроизмерения |
| 653 |
Ключевые слова |
__ |
| a |
Ключевые слова |
Электротехника и основы электроники |
| 653 |
Ключевые слова |
__ |
| a |
Ключевые слова |
Монтаж, эксплуатация, профилактическое обслуживание и ремонт антенно-мачтовых сооружений и антенно-фидерных систем радиосвязи |
| 653 |
Ключевые слова |
__ |
| a |
Ключевые слова |
Метрология и электрические измерения |
| 653 |
Ключевые слова |
__ |
| a |
Ключевые слова |
Теоретические основы электротехники и электроника |
| 653 |
Ключевые слова |
__ |
| a |
Ключевые слова |
Основы электроизмерений |
| 653 |
Ключевые слова |
__ |
| a |
Ключевые слова |
Метрология и электроизмерения |
| 653 |
Ключевые слова |
__ |
| a |
Ключевые слова |
Основы электроники и электротехники |
| 653 |
Ключевые слова |
__ |
| a |
Ключевые слова |
Теоретическая электротехника и электроника |
| 653 |
Ключевые слова |
__ |
| a |
Ключевые слова |
Электротехника, электроника |
| 653 |
Ключевые слова |
__ |
| a |
Ключевые слова |
Выполнение эксплуатационных работ технологического оборудования для производства электронной техники |
| 653 |
Ключевые слова |
__ |
| a |
Ключевые слова |
Метрология и электротехнические изменения |
| 653 |
Ключевые слова |
__ |
| a |
Ключевые слова |
Монтаж, эксплуатация, профилактическое обслуживание и ремонт антенно-мачтовых сооружений (амс) и антенно-фидерных систем (афс) радиосвязи |
| 653 |
Ключевые слова |
__ |
| a |
Ключевые слова |
Регулировка и ввод в эксплуатацию транспортного радиоэлектронного оборудования |
| 700 |
Другие авторы |
__ |
| a |
Другие авторы |
Шанин В. И. |
| q |
Полное имя |
Шанин Владимир Иванович |
| 856 |
Электронный адрес документа |
40 |
| n |
Местонахождение сервера |
Юрайт |
| g |
|
Электронная книга |
| q |
Тип электронного формата |
html |
| h |
Имя пользователя |
ЮРАЙТ |
| v |
Часы доступа к ресурсу |
20271231 |
| 2 |
Способ доступа |
Показать документ |
| x |
Служебное примечание |
https://urait.ru/book/cover/1E046FDE-D3FE-44F4-AE7E-704A3E91BB21 |
| u |
URL |
https://urait.ru/bcode/585993 |
| 856 |
Электронный адрес документа |
48 |
| q |
Тип электронного формата |
cover |
| u |
URL |
https://urait.ru/book/cover/1E046FDE-D3FE-44F4-AE7E-704A3E91BB21 |
| 911 |
|
__ |
| u |
|
0030=https://urait.ru/bcode/585993 |
| 911 |
|
__ |
| u |
|
073a=9785534085860 |
| u |
|
073d=1829.00 |
| 911 |
|
__ |
| u |
|
106a=s |
| 911 |
|
__ |
| u |
|
900l= |
| 952 |
Тип литературы |
__ |
| i |
Дисциплина |
Общая электротехника и электроника |
| 952 |
Тип литературы |
__ |
| i |
Дисциплина |
Электротехника и электроника |
| 952 |
Тип литературы |
__ |
| i |
Дисциплина |
Основы электротехники и электроники |
| 952 |
Тип литературы |
__ |
| i |
Дисциплина |
Основы электрорадиоизмерений |
| 952 |
Тип литературы |
__ |
| i |
Дисциплина |
Теоретические основы электротехники и электроники |
| 952 |
Тип литературы |
__ |
| i |
Дисциплина |
Электротехника и электронная техника |
| 952 |
Тип литературы |
__ |
| i |
Дисциплина |
Электротехнические измерения |
| 952 |
Тип литературы |
__ |
| i |
Дисциплина |
Электрические измерения |
| 952 |
Тип литературы |
__ |
| i |
Дисциплина |
Электроника и электротехника |
| 952 |
Тип литературы |
__ |
| i |
Дисциплина |
Электрорадиоизмерения |
| 952 |
Тип литературы |
__ |
| i |
Дисциплина |
Электротехника и основы электронной техники |
| 952 |
Тип литературы |
__ |
| i |
Дисциплина |
Электрорадиоизмерения и метрология |
| 952 |
Тип литературы |
__ |
| i |
Дисциплина |
Метрология и электрорадиоизмерения |
| 952 |
Тип литературы |
__ |
| i |
Дисциплина |
Электроизмерения |
| 952 |
Тип литературы |
__ |
| i |
Дисциплина |
Электротехника и основы электроники |
| 952 |
Тип литературы |
__ |
| i |
Дисциплина |
Монтаж, эксплуатация, профилактическое обслуживание и ремонт антенно-мачтовых сооружений и антенно-фидерных систем радиосвязи |
| 952 |
Тип литературы |
__ |
| i |
Дисциплина |
Метрология и электрические измерения |
| 952 |
Тип литературы |
__ |
| i |
Дисциплина |
Теоретические основы электротехники и электроника |
| 952 |
Тип литературы |
__ |
| i |
Дисциплина |
Основы электроизмерений |
| 952 |
Тип литературы |
__ |
| i |
Дисциплина |
Метрология и электроизмерения |
| 952 |
Тип литературы |
__ |
| i |
Дисциплина |
Основы электроники и электротехники |
| 952 |
Тип литературы |
__ |
| i |
Дисциплина |
Теоретическая электротехника и электроника |
| 952 |
Тип литературы |
__ |
| i |
Дисциплина |
Электротехника, электроника |
| 952 |
Тип литературы |
__ |
| i |
Дисциплина |
Выполнение эксплуатационных работ технологического оборудования для производства электронной техники |
| 952 |
Тип литературы |
__ |
| i |
Дисциплина |
Метрология и электротехнические изменения |
| 952 |
Тип литературы |
__ |
| i |
Дисциплина |
Монтаж, эксплуатация, профилактическое обслуживание и ремонт антенно-мачтовых сооружений (амс) и антенно-фидерных систем (афс) радиосвязи |
| 952 |
Тип литературы |
__ |
| i |
Дисциплина |
Регулировка и ввод в эксплуатацию транспортного радиоэлектронного оборудования |